00580nam a2200193Ia 4500001002100000003000900021008004100030040002300071041001300094100001300107240002400120245002300144250001500167260002800182300001900210490001400229501012400243700001900367895.6-STO oc (17472)IT-MiSPE171229s9999||||xx |||||||||||||| ||und|| aIT-MiSPEcIT-MiSPE aITALIANO aAnonimo  aOchikubo monogatari 0aStoria di Ochikubo a1a ed. (v) aVeneziabMarsilioc1992 a292 p. c18 cm aMille gru aEdizioni San Paolo srl - Piazza Soncino, 5 - 20092 CINISELLO BALSAMO (MI) (non commercial uses only) ® Copyright 2018 aAndrea Maurizi